Statistics for Countries with the Most Turkish Speakers

Click here to take the quiz!

General Stats

  • This quiz has been taken 86 times
  • The average score is 8 of 10

Answer Stats

PlaceStatusSpeakersAnswer% Correct
1.National83 440 000Turkey
100%
6.500 000U.K.
89%
3.1 470 420Germany
88%
9.Official301 405Cyprus
85%
5.510 000Syria
85%
2.3 000 000Iraq
83%
4.605 802Bulgaria
79%
8.320 100France
79%
7.360 000Austria
53%
10.270 000Libya
9%

Score Distribution

Percentile by Number Answered

Percent of People with Each Score

Your Score History

You have not taken this quiz